000 00979nam a2200265 i 4500
001 12696
003 ES-MaACL
005 20250828094147.0
007 t|
008 960924s1996 sp ||||0| spa
020 _a84-88861-58-3
080 _a327(460:469)"19"
080 _a327(469:460)"19"
100 1 _aJiménez Redondo, Juan Carlos.
_966596
245 1 3 _aEl ocaso de la amistad entre las dictaduras ibéricas, 1955-1968 /
_cJuan Carlos Jiménez Redondo.
260 _aMérida :
_bUNED, Centro Regional de Extremadura,
_c1996.
300 _a254 p ;
_c21 cm.
490 1 _aCuadernos de Estudios Luso-Españoles ;
_v1
651 4 _aEspaña-
_xRelaciones-
_zPortugal.
_98476
651 4 _aPortugal-
_xRelaciones-
_zEspaña.
_99269
710 2 _aUniversidad Nacional de Educación a Distancia (España).
_bCentro Regional de Extremadura
_97412
830 1 _aCuadernos de Estudios Luso-Españoles ;
_v1
_9179693
852 _aES-MaACL
_jL-20090
999 _c12696
_d12696